00700nam a2200241 a 4500001001300000003000900013005001700022008004100039020002300080082001600103100001900119245002900138260003000167300000900197500003500206505002400241650002500265700001900290902000800309942000700317952011700324999001700441nice12345678IN_TiNIC20260116013253.0050524s1997 dela grp 000 0 eng  a817117X c47000a294.6bSIN8 aSingh, Raghbir aAkali Movement 1926-1947 aDelhibOm Sons Pub.c1997 a256p aincludes index and biblioraphy2 aBibliography, Index aSikhism and Politics1 aSingh, Raghbir bSRS cBK 001040708StackRoom-aHMIbHMId2007-07-26g470.00l0o294.6 SIN8p018136r2007-07-26v470.00w2005-05-24yBK c10343d10343